[Event "VI MFSz Turniej Glowny"]
[Site "Ostroda"]
[Date "2009.08.11"]
[Round "7.3"]
[White "Kobus, Sebastian"]
[Black "Pulik, Krzysztof"]
[Result "0-1"]
[WhiteElo "2035"]
[BlackElo "2207"]
[PlyCount "116"]
[EventDate "2009.??.??"]

1. e4 e6 2. d4 d5 3. exd5 exd5 4. Bd3 c5 5. dxc5 Bxc5 6. Nc3 Nf6 7. Qe2+ Be6 8.
Nf3 O-O 9. O-O Nc6 10. Bg5 h6 11. Bh4 Re8 12. Qd2 Be7 13. h3 Qa5 14. a3 Rac8
15. Rad1 a6 16. Rfe1 b5 17. Ne2 Qxd2 18. Rxd2 Ne4 19. Rdd1 Bc5 20. c3 g5 21.
Bg3 f5 22. Bxe4 dxe4 23. Nfd4 f4 24. Bh2 Bc4 25. Nxc6 Rxc6 26. Nd4 Rd6 27. g3
Rf6 28. gxf4 gxf4 29. Kh1 Kf7 30. Rg1 e3 31. f3 e2 32. Rde1 Bxd4 33. cxd4 Bd5
34. Kg2 Re3 35. Kf2 Rfe6 36. Rg4 Rxf3+ 37. Kg1 Re4 38. Kg2 Ree3 39. Kg1 Bc4 40.
Rxf4+ Rxf4 41. Bxf4 Rxh3 42. Kf2 Rb3 43. Bc1 h5 44. Rh1 Rd3 45. Be3 Rd1 46. Re1
Ke6 47. b3 Bd3 48. Bc1 Kd5 49. Bb2 Ke4 50. Bc3 h4 51. Kg2 Ke3 52. Kg1 Be4 53.
Ba5 Bd5 54. Bc3 Bxb3 55. Bb4 h3 56. Ba5 h2+ 57. Kxh2 Kf2 58. Rh1 Rxh1+ 0-1

[Event "VI MFSz Turniej Glowny"]
[Site "Ostroda"]
[Date "2009.08.11"]
[Round "7.4"]
[White "Bukowska, Katarzyna"]
[Black "Szymczak, Zbigniew"]
[Result "0-1"]
[WhiteElo "2026"]
[BlackElo "2289"]
[PlyCount "106"]
[EventDate "2009.??.??"]

1. e4 c5 2. Nf3 e6 3. d4 cxd4 4. Nxd4 a6 5. Nc3 b5 6. Bd3 Qb6 7. Nf3 Qc7 8. O-O
d6 9. Re1 b4 10. Na4 Nf6 11. c3 bxc3 12. Nxc3 Be7 13. Bg5 Nbd7 14. Rc1 Qb8 15.
Na4 O-O 16. Qd2 a5 17. a3 Nb6 18. Nxb6 Qxb6 19. Be3 Qb7 20. e5 dxe5 21. Nxe5
Nd5 22. Be4 Bf6 23. Bd4 Qb3 24. Nc6 Bxd4 25. Nxd4 Qb6 26. Rc6 Qd8 27. Rc5 Bb7
28. Qc2 h6 29. Rd1 Qf6 30. Qb3 Qe7 31. Rdc1 Rfd8 32. Nc6 Bxc6 33. Rxc6 Qa7 34.
g3 Rab8 35. Qc2 Qd4 36. Bxd5 Rxd5 37. Rc8+ Rxc8 38. Qxc8+ Kh7 39. Qc2+ f5 40.
b3 Qg4 41. Qc4 Qf3 42. a4 e5 43. Rf1 h5 44. b4 Rd4 45. Qc5 h4 46. h3 hxg3 47.
Qxe5 gxf2+ 48. Kh2 Rxb4 49. Qg3 Qxg3+ 50. Kxg3 Rxa4 51. Rxf2 Kg6 52. Rc2 Kg5
53. Rc5 g6 0-1

[Event "VI MFSz Turniej Glowny"]
[Site "Ostroda"]
[Date "2009.08.12"]
[Round "8.1"]
[White "Jadanowski, Lukasz"]
[Black "Szymczak, Zbigniew"]
[Result "1-0"]
[WhiteElo "2132"]
[BlackElo "2289"]
[PlyCount "61"]
[EventDate "2009.??.??"]

1. e4 c5 2. Nf3 e6 3. d4 cxd4 4. Nxd4 Nf6 5. Nc3 d6 6. g4 a6 7. g5 Nfd7 8. Be3
Be7 9. f4 b5 10. a3 Bb7 11. Qf3 Nc6 12. h4 Nxd4 13. Bxd4 e5 14. Be3 exf4 15.
Qxf4 Ne5 16. O-O-O O-O 17. Nd5 Bxd5 18. exd5 f6 19. gxf6 Bxf6 20. Kb1 Rb8 21.
Qe4 a5 22. Bd3 Nxd3 23. Rxd3 Be5 24. Bd4 Rf4 25. Qe3 Rxh4 26. Rxh4 Qxh4 27.
Bxe5 Re8 28. Bg3 Qh1+ 29. Qc1 Qe4 30. Bxd6 b4 31. Qf4 1-0

[Event "VI MFSz Turniej Glowny"]
[Site "Ostroda"]
[Date "2009.08.12"]
[Round "8.2"]
[White "Pulik, Krzysztof"]
[Black "Bukowska, Katarzyna"]
[Result "1-0"]
[WhiteElo "2207"]
[BlackElo "2026"]
[PlyCount "53"]
[EventDate "2009.??.??"]

1. e4 e5 2. Nc3 Nf6 3. f4 d5 4. fxe5 Nxe4 5. Nf3 Nc6 6. Bb5 Be7 7. Qe2 Nxc3 8.
dxc3 O-O 9. Bd2 a6 10. Bd3 Na5 11. O-O-O c5 12. Qf2 Be6 13. h4 Nc6 14. Qg3 Kh8
15. Ng5 Qd7 16. Nxh7 c4 17. Nxf8 Bxf8 18. Be2 b5 19. h5 b4 20. cxb4 Nxb4 21.
Bxb4 Bxb4 22. Bxc4 Rc8 23. h6 g6 24. Qf3 Bf5 25. Bb3 Qc7 26. Rxd5 Be7 27. Qe2
1-0

[Event "VI MFSz Turniej Glowny"]
[Site "Ostroda"]
[Date "2009.08.12"]
[Round "8.3"]
[White "Kuzmicz, Krystian"]
[Black "Cyborowski, Lukasz"]
[Result "1/2-1/2"]
[WhiteElo "2408"]
[BlackElo "2498"]
[PlyCount "41"]
[EventDate "2009.??.??"]

1. d4 d5 2. c4 c6 3. Nf3 Nf6 4. Nc3 e6 5. e3 Nbd7 6. Qc2 Bd6 7. Be2 O-O 8. O-O
dxc4 9. Bxc4 b5 10. Be2 a6 11. Rd1 Qc7 12. Ne4 Nxe4 13. Qxe4 e5 14. Qh4 Re8 15.
Bd3 h6 16. Bd2 Be7 17. Qg3 Bd6 18. Qh4 Be7 19. Qg3 Bd6 20. Qh4 Be7 21. Qg3
1/2-1/2

[Event "VI MFSz Turniej Glowny"]
[Site "Ostroda"]
[Date "2009.08.12"]
[Round "8.4"]
[White "Brodowski, Piotr"]
[Black "Rak, Tomasz"]
[Result "1-0"]
[WhiteElo "2397"]
[BlackElo "2094"]
[PlyCount "88"]
[EventDate "2009.??.??"]

1. c4 c5 2. Nf3 Nc6 3. Nc3 g6 4. g3 Bg7 5. Bg2 d6 6. O-O Nf6 7. d4 cxd4 8. Nxd4
Bd7 9. Nc2 O-O 10. b3 Qb8 11. Bb2 Rd8 12. Ne3 Be8 13. Qd2 e6 14. Rfd1 a6 15.
Ne4 Nxe4 16. Bxe4 f5 17. Bxg7 Kxg7 18. Qb2+ Kg8 19. Bg2 Qc7 20. Rac1 Qg7 21.
Qa3 Nd4 22. Rd2 g5 23. Rcd1 e5 24. Nc2 Nxc2 25. Bd5+ Kh8 26. Rxc2 Qe7 27. Rcd2
Rd7 28. b4 Rad8 29. Qf3 Bg6 30. e4 f4 31. Qg4 Re8 32. h4 gxh4 33. gxf4 exf4 34.
f3 Rc7 35. Rh2 Qe5 36. Qxh4 Rg7 37. Kh1 Rf8 38. Rg1 Rf6 39. Qg4 Rf8 40. Rh4 Qc3
41. Qh3 Qf6 42. Rh6 b5 43. c5 dxc5 44. bxc5 Rd8 1-0

[Event "VI MFSz Turniej Glowny"]
[Site "Ostroda"]
[Date "2009.08.13"]
[Round "9.1"]
[White "Rak, Tomasz"]
[Black "Jadanowski, Lukasz"]
[Result "1-0"]
[WhiteElo "2094"]
[BlackElo "2132"]
[PlyCount "103"]
[EventDate "2009.??.??"]

1. d4 Nf6 2. Nf3 g6 3. c4 Bg7 4. Nc3 O-O 5. e4 d6 6. h3 Na6 7. Bd3 e5 8. d5 Nc5
9. Bc2 a5 10. Bg5 c6 11. g4 Qe8 12. Qe2 cxd5 13. cxd5 Bd7 14. Nd2 b5 15. f3 b4
16. Nd1 Bb5 17. Nc4 Ra6 18. Nde3 Qd7 19. Kf2 Rc8 20. Rhc1 Ne8 21. Kg2 Bf6 22.
Bxf6 Nxf6 23. Bd1 Ne8 24. Qf1 Ng7 25. Be2 Qe7 26. Nd2 Bxe2 27. Qxe2 Raa8 28.
Ndf1 f5 29. exf5 gxf5 30. Ng3 fxg4 31. hxg4 Rf8 32. Rh1 Rf4 33. Nef5 Nxf5 34.
Nxf5 Rxf5 35. gxf5 Qg5+ 36. Kf1 Qxf5 37. Rh2 Kh8 38. Kg1 Rf8 39. Rf1 Qf4 40.
Rg2 Qd4+ 41. Qf2 Qxd5 42. Qg3 Qf7 43. f4 Ne6 44. Qb3 Qa7+ 45. Kh2 Nxf4 46. Rg4
Qd7 47. Qg3 Qe6 48. a3 bxa3 49. bxa3 d5 50. Qh4 h6 51. Rfg1 h5 52. Rxf4 1-0

[Event "VI MFSz Turniej Glowny"]
[Site "Ostroda"]
[Date "2009.08.13"]
[Round "9.2"]
[White "Cyborowski, Lukasz"]
[Black "Brodowski, Piotr"]
[Result "1/2-1/2"]
[WhiteElo "2498"]
[BlackElo "2397"]
[PlyCount "47"]
[EventDate "2009.??.??"]

1. d4 Nf6 2. Nf3 g6 3. c4 Bg7 4. Nc3 d5 5. cxd5 Nxd5 6. Bd2 c5 7. e4 Nxc3 8.
Bxc3 cxd4 9. Nxd4 O-O 10. Be2 Bd7 11. O-O Nc6 12. Nxc6 Bxc6 13. Bxg7 Kxg7 14.
Qc2 e5 15. Rad1 Qe7 16. a3 Rfd8 17. f3 f6 18. Kf2 Rac8 19. Rxd8 Rxd8 20. Rd1
Rd7 21. Rxd7 Qxd7 22. Qc3 Qd6 23. Qd3 Qxd3 24. Bxd3 1/2-1/2

[Event "VI MFSz Turniej Glowny"]
[Site "Ostroda"]
[Date "2009.08.13"]
[Round "9.3"]
[White "Kobus, Sebastian"]
[Black "Kuzmicz, Krystian"]
[Result "1/2-1/2"]
[WhiteElo "2035"]
[BlackElo "2408"]
[PlyCount "40"]
[EventDate "2009.??.??"]

1. e4 g6 2. Nf3 Bg7 3. d4 c6 4. g3 d5 5. exd5 cxd5 6. Bg2 Nc6 7. O-O Bg4 8. c3
Bxf3 9. Bxf3 e6 10. Bf4 Nge7 11. Nd2 O-O 12. Re1 Nf5 13. Nb3 Rc8 14. Nc1 Qd7
15. Nd3 b6 16. Bg4 Nd6 17. Bxd6 Qxd6 18. f4 Rc7 19. Re2 Rb8 20. Kh1 a5 1/2-1/2

[Event "VI MFSz Turniej Glowny"]
[Site "Ostroda"]
[Date "2009.08.13"]
[Round "9.4"]
[White "Szymczak, Zbigniew"]
[Black "Pulik, Krzysztof"]
[Result "1-0"]
[WhiteElo "2289"]
[BlackElo "2207"]
[PlyCount "65"]
[EventDate "2009.??.??"]

1. d4 d5 2. c4 e6 3. Nf3 Nf6 4. g3 Be7 5. Bg2 O-O 6. O-O c5 7. cxd5 exd5 8. Nc3
Nc6 9. Bg5 Be6 10. dxc5 Bxc5 11. Rc1 Be7 12. Nd4 Nxd4 13. Qxd4 Qd7 14. Rfd1
Rfd8 15. e3 a6 16. Na4 Qb5 17. Nb6 Rab8 18. a4 Qe8 19. Bf4 Bd6 20. Bxd6 Rxd6
21. e4 Qd8 22. Nxd5 Bxd5 23. exd5 b5 24. b3 Qd7 25. Rc6 h6 26. Qc5 Rxc6 27.
Qxc6 bxa4 28. bxa4 Qf5 29. d6 Rb2 30. Qa8+ Kh7 31. Qf3 Qd7 32. Qd3+ g6 33. Qd4
1-0

[Event "VI MFSz Turniej Otwarty"]
[Site "Ostroda"]
[Date "2009.08.07"]
[Round "1.1"]
[White "Plichta, Kamil"]
[Black "Pawlowski, Dariusz"]
[Result "1-0"]
[WhiteElo "2039"]
[BlackElo "1729"]
[PlyCount "49"]
[EventDate "2009.??.??"]

1. d4 d5 2. c4 c6 3. cxd5 cxd5 4. Nc3 e6 5. e4 dxe4 6. f3 exf3 7. Nxf3 Nf6 8.
Bd3 Be7 9. O-O O-O 10. Qe2 Nc6 11. Bg5 Nxd4 12. Nxd4 Qxd4+ 13. Kh1 a6 14. Rad1
Qb6 15. Bxf6 Bxf6 16. Qe4 g6 17. Rxf6 Qxb2 18. Qd4 b5 19. Rf2 Qa3 20. Ne4 f5
21. Nf6+ Kf7 22. Nxh7 Qe7 23. Nxf8 Qxf8 24. Be4 Rb8 25. Qa7+ 1-0

[Event "VI MFSz Turniej Otwarty"]
[Site "Ostroda"]
[Date "2009.08.07"]
[Round "1.2"]
[White "Renkowski, Piotr"]
[Black "Zajaczkowski, Jan"]
[Result "0-1"]
[WhiteElo "1688"]
[BlackElo "2033"]
[PlyCount "106"]
[EventDate "2009.??.??"]

1. e4 e5 2. Nf3 Nc6 3. Bc4 Bc5 4. Nc3 d6 5. d3 h6 6. Be3 Bb6 7. d4 Bg4 8. Bb5
exd4 9. Bxd4 Nf6 10. h3 Bd7 11. Bxb6 axb6 12. O-O O-O 13. Re1 Re8 14. Nd4 Nxd4
15. Bxd7 Qxd7 16. Qxd4 Ra5 17. Rad1 Qc6 18. Rd3 Qc5 19. Qxc5 bxc5 20. Kf1 b5
21. a3 b4 22. Nd5 Nxd5 23. exd5 Rxe1+ 24. Kxe1 Kf8 25. Kd2 Ke7 26. Ke3 Kd7 27.
axb4 cxb4 28. Rd4 Rb5 (28... b3) 29. Rf4 f6 30. Rg4 g5 31. Rd4 c5 32. Rc4 Rb8
33. b3 f5 34. c3 Re8+ 35. Kd2 bxc3+ 36. Rxc3 Re5 37. Rd3 f4 38. Kc3 Kc7 39. f3
Kb6 40. Rd2 Kb5 41. Kb2 Kb4 42. Ka2 Kc3 43. Rd1 Kc2 44. Rb1 Rxd5 45. Rb2+ Kc3
46. Rb1 Rd2+ 47. Ka1 Rxg2 48. h4 d5 49. hxg5 hxg5 50. Rd1 d4 51. Rc1+ Rc2 52.
Rd1 d3 53. Kb1 d2 0-1

[Event "VI MFSz Turniej Otwarty"]
[Site "Ostroda"]
[Date "2009.08.07"]
[Round "1.3"]
[White "Puczylowski, Marcin"]
[Black "Stachowicz, Feliks"]
[Result "1-0"]
[WhiteElo "2017"]
[BlackElo "1680"]
[PlyCount "67"]
[EventDate "2009.??.??"]

1. e4 c6 2. d4 d5 3. exd5 cxd5 4. c4 Nf6 5. Nc3 Nc6 6. Bg5 Qb6 7. Bxf6 gxf6 8.
Nxd5 Qd8 9. Nf3 Bg4 10. Be2 Rb8 11. O-O Rg8 12. Ne3 h5 13. d5 Bxf3 14. Bxf3 Ne5
15. Qa4+ Qd7 16. Qxd7+ Kxd7 17. Bxh5 Bh6 18. f4 Nd3 19. Bxf7 Rh8 20. Be6+ Kc7
21. g3 Nxb2 22. Rab1 Nd3 23. Nf5 Bf8 24. Nd4 a6 25. Bf5 Nc5 26. Ne6+ Nxe6 27.
dxe6 Rh5 28. Be4 Ra5 29. Rfd1 b5 30. cxb5 axb5 31. Rbc1+ Kb6 32. Rc6+ Ka7 33.
Rd7+ Rb7 34. Rc8 1-0

[Event "VI MFSz Turniej Otwarty"]
[Site "Ostroda"]
[Date "2009.08.07"]
[Round "1.4"]
[White "Hekman, Dominik"]
[Black "Wodzynski, Michal"]
[Result "1-0"]
[WhiteElo "1647"]
[BlackElo "1996"]
[PlyCount "75"]
[EventDate "2009.??.??"]

1. e4 e5 2. Nf3 Nc6 3. Bc4 Nf6 4. d3 Bc5 5. Bg5 d6 6. h3 h6 7. Bh4 Be6 8. Bb3
Qd7 9. Bxf6 gxf6 10. Bxe6 fxe6 11. Nc3 d5 12. exd5 exd5 13. Qe2 Nd4 14. Nxd4
Bxd4 15. Qd2 a5 16. O-O-O a4 17. f3 a3 18. b3 Qc6 19. Ne2 Bb6 20. g4 Ba5 21.
Qe3 Bc3 22. Kb1 d4 23. Qe4 Qc5 24. Qg6+ Ke7 25. Ng3 Qc6 26. Qg7+ Ke6 27. Ne4
Raf8 28. f4 Qb5 29. f5+ Kd5 30. Nxf6+ Rxf6 31. Qxf6 Re8 32. Qxh6 Bb4 33. Rhf1
Qc5 34. f6 Rh8 35. Qc1 Qc3 36. g5 Rxh3 37. g6 Rg3 38. Rg1 1-0

[Event "VI MFSz Turniej Otwarty"]
[Site "Ostroda"]
[Date "2009.08.07"]
[Round "1.5"]
[White "Glatty, Zbigniew"]
[Black "Kotlowska, Anna"]
[Result "1-0"]
[WhiteElo "1924"]
[BlackElo "1645"]
[PlyCount "61"]
[EventDate "2009.??.??"]

1. e4 e5 2. Nf3 Nc6 3. Bb5 Bc5 4. d3 d6 5. h3 Nf6 6. c3 a6 7. Ba4 b5 8. Bc2 O-O
9. Bg5 Bb7 10. Nbd2 Re8 11. Nf1 Qe7 12. Ne3 Nd8 13. Nh4 c6 14. Ng4 d5 15. Qf3
Ne6 16. Bxf6 gxf6 17. Nxf6+ Kh8 18. Nxe8 Rxe8 19. Nf5 Qg5 20. h4 Qg6 21. O-O-O
d4 22. cxd4 Nxd4 23. Nxd4 Bxd4 24. Bb3 Re7 25. g4 a5 26. Kb1 a4 27. h5 Qd6 28.
Bxf7 Rxf7 29. Qxf7 Qb4 30. b3 Bc8 31. h6 1-0

[Event "VI MFSz Turniej Otwarty"]
[Site "Ostroda"]
[Date "2009.08.07"]
[Round "1.6"]
[White "Murawski, Jacek"]
[Black "Zielinski, Maciej"]
[Result "0-1"]
[WhiteElo "1619"]
[BlackElo "1888"]
[PlyCount "68"]
[EventDate "2009.??.??"]

1. d4 Nf6 2. c4 g6 3. g3 Bg7 4. Bg2 O-O 5. Nf3 d6 6. O-O Nbd7 7. Nc3 c5 8. dxc5
Nxc5 9. Be3 Ne6 10. Qd2 Ng4 11. Bd4 Nxd4 12. Nxd4 Ne5 13. b3 Rb8 14. e3 Bd7 15.
Rad1 a6 16. h3 Nc6 17. f4 Nxd4 18. exd4 Bc6 19. Rfe1 Re8 20. Re2 Bxg2 21. Kxg2
b5 22. Rde1 bxc4 23. bxc4 Qd7 24. Qd3 Qa7 25. d5 Rbc8 26. Ne4 Red8 27. Nd2 Rd7
28. Nb3 a5 29. a4 Rb8 30. Rd1 Qb6 31. Nd4 Qxd4 32. Qxd4 Bxd4 33. Rxd4 Rb4 34.
Ree4 Kf8 0-1

[Event "VI MFSz Turniej Otwarty"]
[Site "Ostroda"]
[Date "2009.08.07"]
[Round "1.7"]
[White "Ciesielski, Tomasz"]
[Black "Szymanowski, Mateusz"]
[Result "1/2-1/2"]
[WhiteElo "1886"]
[BlackElo "1600"]
[PlyCount "47"]
[EventDate "2009.??.??"]

1. e4 c5 2. d3 d6 3. g3 Nc6 4. Bg2 g6 5. c3 Bg7 6. f4 e6 7. Nf3 Qb6 8. O-O Nge7
9. Nbd2 f5 10. Nc4 Qc7 11. a4 O-O 12. Qe2 fxe4 13. dxe4 d5 14. Na3 a6 15. e5
Bd7 16. Be3 Na7 17. Qf2 Rfc8 18. b4 cxb4 19. cxb4 Nac6 20. Bc5 Nf5 21. Rac1 Qd8
22. Nc2 Nh6 23. Ncd4 Nf5 24. Qe2 {...75 moves} 1/2-1/2

[Event "VI MFSz Turniej Otwarty"]
[Site "Ostroda"]
[Date "2009.08.07"]
[Round "1.8"]
[White "Wodzynska, Zofia"]
[Black "Januszewski, Piotr"]
[Result "0-1"]
[WhiteElo "1531"]
[BlackElo "1874"]
[PlyCount "65"]
[EventDate "2009.??.??"]

1. e4 c5 2. Nf3 Nc6 3. d4 cxd4 4. Nxd4 e5 5. Nb5 a6 6. N5a3 Nf6 7. Nc3 b5 8.
Nd5 Bc5 9. Bg5 Bxf2+ 10. Kxf2 Nxe4+ 11. Ke1 Nxg5 12. c3 O-O 13. Be2 d6 14. Nc2
Be6 15. Nce3 Rc8 16. Rc1 Ne4 17. Bd3 Qh4+ 18. g3 Nxg3 19. Kd2 Nxh1 20. Qxh1
Qf2+ 21. Be2 Bxd5 22. Nxd5 Nd4 23. Re1 Nxe2 24. Ne7+ Kh8 25. Rxe2 Qf4+ 26. Kd1
Rce8 27. Nd5 Qf5 28. Kd2 e4 29. Ne3 Qf4 30. Qg1 Re5 31. Rf2 Qh6 32. Ke2 Qh5+
33. Kf1 {nieczytelny} 0-1

[Event "VI MFSz Turniej Otwarty"]
[Site "Ostroda"]
[Date "2009.08.07"]
[Round "1.9"]
[White "Kapica, Pawel"]
[Black "Moszczenski, Milosz"]
[Result "0-1"]
[WhiteElo "1869"]
[BlackElo "1445"]
[PlyCount "74"]
[EventDate "2009.??.??"]

1. d4 e6 2. c4 Nf6 3. Nc3 d5 4. cxd5 exd5 5. Bg5 Be7 6. e3 c6 7. Bd3 Nbd7 8.
Nge2 O-O 9. Qc2 a5 10. O-O h6 11. Bh4 Ne8 12. Bg3 Bd6 13. f3 Ndf6 14. Rae1 b5
15. Bxd6 Nxd6 16. e4 dxe4 17. fxe4 Ng4 18. Nd1 Qb6 19. h3 Ne5 20. Ne3 Re8 21.
dxe5 Qxe3+ 22. Kh1 Rxe5 23. Qxc6 Ra6 24. Qc3 Rc5 25. Nd4 Qg5 26. Qb3 Qe5 27.
Nf3 Qg3 28. e5 Nc4 29. Bb1 Be6 30. Qd3 g6 31. Qd8+ Kh7 32. Nd4 Rd5 33. Qe7 Rd7
34. Qe8 Nxe5 35. Nxe6 Rxe6 36. Qf8 Nf3 37. gxf3 Rxe1 0-1

[Event "VI MFSz Turniej Otwarty"]
[Site "Ostroda"]
[Date "2009.08.08"]
[Round "2.1"]
[White "Gorniewicz, Oskar"]
[Black "Plichta, Kamil"]
[Result "0-1"]
[WhiteElo "1844"]
[BlackElo "2039"]
[PlyCount "92"]
[EventDate "2009.??.??"]

1. d4 Nf6 2. c4 g6 3. Nc3 Bg7 4. e4 d6 5. Nf3 O-O 6. Be2 e5 7. O-O Nc6 8. d5
Ne7 9. b4 Ne8 10. Qb3 f5 11. Ng5 Nf6 12. Bf3 f4 13. Rd1 h6 14. Ne6 Bxe6 15.
dxe6 g5 16. Nd5 Nexd5 17. cxd5 g4 18. Be2 Nxe4 19. Bxg4 Qh4 20. Qf3 Ng5 21. Qe2
e4 22. g3 f3 23. gxh4 fxe2 24. Bxe2 Nh3+ 25. Kg2 Rxf2+ 26. Kxh3 Rxe2 27. Rb1
Rf8 28. Rg1 Rf3+ 29. Rg3 Rxg3+ 30. hxg3 Re1 31. Kg4 Bc3 32. Kf5 e3 33. Kg6 Kf8
34. Bb2 Rxb1 35. Bxc3 Rc1 36. Bg7+ Ke8 37. Bxh6 e2 38. Bd2 Rg1 39. h5 Rxg3+ 40.
Kf6 Rh3 41. Kg6 Rg3+ 42. Kf6 Rg1 43. h6 e1=Q 44. Bxe1 Rxe1 45. h7 Rh1 46. Kg7
c6 0-1

[Event "VI MFSz Turniej Otwarty"]
[Site "Ostroda"]
[Date "2009.08.08"]
[Round "2.2"]
[White "Zajaczkowski, Jan"]
[Black "Reza, Wojciech"]
[Result "0-1"]
[WhiteElo "2033"]
[BlackElo "1806"]
[PlyCount "94"]
[EventDate "2009.??.??"]

1. d4 Nf6 2. f3 d5 3. c4 c6 4. Qc2 e6 5. Bg5 Be7 6. e3 O-O 7. Nd2 Qa5 8. Ne2
dxc4 9. Qxc4 Qxg5 10. h4 Qxe3 11. O-O-O b5 12. Qc2 Nd5 13. Qe4 Qxe4 14. fxe4
Ne3 15. Re1 Rd8 16. Rh3 Nxf1 17. Rxf1 Na6 18. e5 Bb7 19. Rhf3 Rf8 20. g3 c5 21.
Rf4 Rac8 22. Kb1 c4 23. Rc1 Nb4 24. Rff1 Nd3 25. Rc2 Bd5 26. Nf4 Nxf4 27. Rxf4
b4 28. Ne4 a5 29. h5 Bxe4 30. Rxe4 Bg5 31. a3 Rfd8 32. Rce2 h6 33. Rc2 Rd7 34.
axb4 axb4 35. b3 c3 36. Ra2 Ra7 37. Ree2 Rxa2 38. Rxa2 Rd8 39. Ra7 Rxd4 40. Rc7
Rd1+ 41. Ka2 Rd2+ 42. Kb1 Rb2+ 43. Ka1 Rxb3 44. Rc8+ Kh7 45. Rc7 Rb2 46. g4 Rf2
47. Kb1 c2+ 0-1

[Event "VI MFSz Turniej Otwarty"]
[Site "Ostroda"]
[Date "2009.08.08"]
[Round "2.3"]
[White "Tuszynski, Eugeniusz"]
[Black "Puczylowski, Marcin"]
[Result "1/2-1/2"]
[WhiteElo "1792"]
[BlackElo "2017"]
[PlyCount "45"]
[EventDate "2009.??.??"]

1. e4 c5 2. Nf3 Nc6 3. d4 cxd4 4. Nxd4 e5 5. Nf3 Nf6 6. Nbd2 Bc5 7. Be2 O-O 8.
O-O d5 9. exd5 Nxd5 10. Nb3 Bb6 11. c3 h6 12. Qc2 Be6 13. Rd1 Qc7 14. Bd2 f5
15. c4 Ndb4 16. Bxb4 Nxb4 17. Qc3 e4 18. Nfd4 Bf7 19. Qxb4 a5 20. Qc3 a4 21.
Nb5 Qe7 22. N3d4 f4 23. Nf5 (23. Nf5 Qg5 24. Nfd6 f3 25. Bf1 e3) 1/2-1/2

[Event "VI MFSz Turniej Otwarty"]
[Site "Ostroda"]
[Date "2009.08.08"]
[Round "2.4"]
[White "Moszczenski, Milosz"]
[Black "Glatty, Zbigniew"]
[Result "1/2-1/2"]
[WhiteElo "1445"]
[BlackElo "1924"]
[PlyCount "150"]
[EventDate "2009.??.??"]

1. d4 d5 2. c4 c6 3. Nc3 e6 4. Nf3 Nf6 5. Bg5 Be7 6. e3 Nbd7 7. cxd5 exd5 8.
Bd3 O-O 9. O-O Re8 10. Nd2 Nf8 11. Qc2 Ng6 12. Rfe1 Nh5 13. Bxe7 Rxe7 14. Nb3
Re8 15. f3 a5 16. a4 Nf8 17. Rad1 g6 18. Kh1 f5 19. e4 fxe4 20. fxe4 Bg4 21.
Be2 Bxe2 22. Rxe2 dxe4 23. Nxe4 Kg7 24. Qc3 Qd5 25. Nbd2 Re7 26. Qc4 Rae8 27.
Rde1 Nf4 28. Re3 Qxc4 29. Nxc4 Rd8 30. Ned6 Red7 31. Re7+ Kf6 32. Ne8+ Kg5 33.
R7e5+ Kh6 34. Ne3 g5 35. Ng4+ Kg6 36. h4 h6 37. Rxa5 Rxd4 38. Ne5+ Kh7 39. Nf6+
Kg7 40. Neg4 Rd1 41. Rxd1 Rxd1+ 42. Kh2 N8e6 43. hxg5 hxg5 44. Ra7 Nd8 45. Ne4
Rb1 46. a5 Kg6 47. Ra8 Nfe6 48. a6 bxa6 49. Rxa6 Rxb2 50. Ra5 Re2 51. Ne5+ Kg7
52. Ra7+ Kh6 53. Ng4+ Kg6 54. Ng3 Rb2 55. Ne5+ Kf6 56. Nd7+ Kg6 57. Ne5+ Kf6
58. Ng4+ Kg6 59. Ra5 Nf4 60. Ne3 Nde6 61. Ra6 c5 62. Ngf1 Kf7 63. Ra7+ Kf6 64.
Ng4+ Kg6 65. Nge3 c4 66. Nxc4 Rxg2+ 67. Kh1 Rc2 68. Nce3 Rc8 69. Ra6 Rh8+ 70.
Kg1 Kf6 71. Ng3 Ke5 72. Ng4+ Kd4 73. Ra4+ Kd3 74. Nf2+ Kc3 75. Nfe4+ Kb3
1/2-1/2

[Event "VI MFSz Turniej Otwarty"]
[Site "Ostroda"]
[Date "2009.08.08"]
[Round "2.5"]
[White "Zielinski, Maciej"]
[Black "Gajek, Radoslaw"]
[Result "1/2-1/2"]
[WhiteElo "1888"]
[BlackElo "1785"]
[PlyCount "130"]
[EventDate "2009.??.??"]

1. e4 g6 2. d4 Bg7 3. Nf3 d6 4. c3 Nf6 5. Bd3 O-O 6. O-O Nc6 7. Qe2 e5 8. dxe5
Nxe5 9. Nxe5 dxe5 10. Bg5 h6 11. Bh4 Re8 12. Rd1 Qe7 13. Nd2 Be6 14. Bc4 Rad8
15. Bxe6 Qxe6 16. Bxf6 Bxf6 17. Nb3 b6 18. Qb5 Qg4 19. f3 Qf4 20. Qe2 Bg5 21.
g3 Qe3+ 22. Qxe3 Bxe3+ 23. Kf1 Bg5 24. Ke2 h5 25. Rxd8 Rxd8 26. Rd1 Rxd1 27.
Kxd1 Kf8 28. Ke2 h4 29. c4 Ke7 30. Na1 Kd6 31. b4 a5 32. a3 hxg3 33. hxg3 Be7
34. Kd3 Ke6 35. Nc2 axb4 36. axb4 c6 37. b5 cxb5 38. cxb5 Bc5 39. g4 f5 40.
gxf5+ gxf5 41. Kc4 f4 42. Ne1 Bf2 43. Nd3 Bd4 44. Nb4 Kd6 45. Nc6 Bc5 46. Nd8
Bd4 47. Nc6 Bc5 48. Nb8 Bd4 49. Na6 Ke6 50. Kd3 Kf6 51. Nc7 Ke7 52. Nd5+ Kd6
53. Nxf4 Ba1 54. Nd5 Kc5 55. Nc7 Bb2 56. Kc2 Ba1 57. Kb3 Kd4 58. Nd5 Kc5 59.
Nc7 Kd4 60. Nd5 Kc5 61. Ka4 Bd4 62. f4 exf4 63. Nxf4 Kd6 64. Nd3 Bc5 65. Nxc5
Kxc5 1/2-1/2

[Event "VI MFSz Turniej Otwarty"]
[Site "Ostroda"]
[Date "2009.08.08"]
[Round "2.6"]
[White "Januszewski, Piotr"]
[Black "Hekman, Dominik"]
[Result "1-0"]
[WhiteElo "1874"]
[BlackElo "1647"]
[PlyCount "31"]
[EventDate "2009.??.??"]

1. e4 e5 2. Nf3 Nc6 3. d4 exd4 4. Bc4 Bb4+ 5. c3 dxc3 6. Nxc3 d6 7. O-O Nf6 8.
Nd5 O-O 9. Bg5 Be6 10. Qb3 Rb8 11. Nxf6+ gxf6 12. Bh6 Re8 13. Nd4 Kh8 14. Nf5
Bc5 15. Qg3 Rg8 16. Bg7+ 1-0

[Event "VI MFSz Turniej Otwarty"]
[Site "Ostroda"]
[Date "2009.08.08"]
[Round "2.9"]
[White "Szymanowski, Mateusz"]
[Black "Wodzynski, Mieszko"]
[Result "1-0"]
[WhiteElo "1600"]
[BlackElo "1800"]
[PlyCount "82"]
[EventDate "2009.??.??"]

1. e4 e5 2. Nf3 Nc6 3. Bb5 a6 4. Ba4 Nf6 5. O-O b5 6. Bb3 Be7 7. c3 O-O 8. d4
Nxe4 9. Bd5 Nf6 10. Bxc6 dxc6 11. Nxe5 Bb7 12. Bg5 h6 13. Bxf6 Bxf6 14. Nf3 Re8
15. Nbd2 g5 16. Nb3 Qd5 17. Nc5 Bc8 18. Qb3 g4 19. Nd2 Bg5 20. Qxd5 cxd5 21. f4
Bf6 22. Rae1 Rxe1 23. Rxe1 Bf5 24. Nf1 h5 25. Ne3 Re8 26. Kf2 Bc8 27. Nxd5 Bh4+
28. g3 Rxe1 29. Kxe1 Bd8 30. Nb4 Kf8 31. Ncxa6 Bxa6 32. Nxa6 Ke7 33. Nb4 Kd6
34. Ke2 f5 35. Ke3 c6 36. Nd3 Bb6 37. Ne5 c5 38. Kd3 cxd4 39. cxd4 Kd5 40. Ng6
Bxd4 41. Ne7+ Ke6 1-0

[Event "VI MFSz Turniej Otwarty"]
[Site "Ostroda"]
[Date "2009.08.08"]
[Round "2.11"]
[White "Wodzynski, Michal"]
[Black "Murawski, Jacek"]
[Result "1-0"]
[WhiteElo "1996"]
[BlackElo "1619"]
[PlyCount "43"]
[EventDate "2009.??.??"]

1. e4 c5 2. Nf3 d6 3. d4 cxd4 4. Qxd4 Nc6 5. Bb5 Bd7 6. Bxc6 bxc6 7. O-O Nf6 8.
e5 Nd5 9. exd6 exd6 10. Re1+ Be6 11. Ng5 Kd7 12. c4 Qb6 13. Nxe6 fxe6 14. Qg4
Nc7 15. Nc3 g6 16. Ne4 Bg7 17. Bf4 d5 18. Bxc7 Kxc7 19. Qf4+ Kb7 20. Nd6+ Ka6
21. c5 Qxc5 22. Rac1 1-0

[Event "VI MFSz Turniej Otwarty"]
[Site "Ostroda"]
[Date "2009.08.08"]
[Round "2.12"]
[White "Wodzynska, Zofia"]
[Black "Kumala, Aleksander"]
[Result "0-1"]
[WhiteElo "1531"]
[BlackElo "1858"]
[PlyCount "44"]
[EventDate "2009.??.??"]

1. e4 e5 2. Nf3 Nc6 3. Bc4 Nf6 4. Ng5 d5 5. exd5 Na5 6. Bb5+ c6 7. dxc6 bxc6 8.
Be2 h6 9. Nf3 e4 10. Ne5 Qd4 11. Ng4 Bxg4 12. Bxg4 Bc5 13. Rf1 e3 14. f3 Nxg4
15. fxg4 O-O-O 16. Nc3 exd2+ 17. Bxd2 Rhe8+ 18. Ne2 Nc4 19. Bf4 Bb4+ 20. c3 Qe4
21. Rf2 Rxd1+ 22. Rxd1 Bc5 0-1

[Event "VI MFSz Turniej Otwarty"]
[Site "Ostroda"]
[Date "2009.08.08"]
[Round "3.2"]
[White "Reza, Wojciech"]
[Black "Januszewski, Piotr"]
[Result "1/2-1/2"]
[WhiteElo "1806"]
[BlackElo "1874"]
[PlyCount "43"]
[EventDate "2009.??.??"]

1. e4 c5 2. Nf3 Nc6 3. Bb5 g6 4. Bxc6 bxc6 5. O-O Bg7 6. d3 d6 7. h3 Nf6 8. Nc3
O-O 9. Qe2 Rb8 10. Re1 Nd7 11. Nd2 Ba6 12. Nd1 e6 13. c4 d5 14. f4 Nb6 15. e5
dxc4 16. Nxc4 Bxc4 17. dxc4 Qd4+ 18. Be3 Qxc4 19. Qxc4 Nxc4 20. Bxc5 Rfd8 21.
b3 Nb6 22. Nf2 1/2-1/2